Mario Kart Super Characters - Statistics

General Stats
  • This quiz has been taken 53 times
  • The average score is 7 of 8
Answer Stats
Weight Class Characters % Correct
Heavy Bowser
98%
Medium Luigi
98%
Medium Mario
98%
Light Koopa Troopa
93%
Medium Peach
93%
Light Toad
93%
Heavy Donkey Kong Jr
88%
Medium Yoshi
88%
No matching quizzes found
Score Distribution
Percent of People with Each Score
Percentile by Number Answered
Your Score History
You have not taken this quiz